Advances in UAE Archaeology

محفوظ في:

المؤلف الرئيسي: Zayed National Museum

التنسيق: كتاب

اللغة: Undetermined

الوصول للمادة أونلاين: Login to view Source

الوسوم: إضافة وسم

لا توجد وسوم, كن أول من يضع وسما على هذه التسجيلة!

رقم الطلب:

LEADER 00442nmm a2200133Ia 4500
008 240716s9999||||xx |||||||||||||||||und||
020 |a 9781803276731 
020 |a 9781803276748 
100 |a Zayed National Museum 
245 1 0 |a Advances in UAE Archaeology  |c Zayed National Museum 
264 |b Archaeopress Archaeology  |c 29-فبراير-24 
856 4 0 |u http://library.arce.org:8087/Archaeopress/Products/9781803276731 
942 |2 lcc  |c EBOOK 
999 |c 58952  |d 58952